Performance of ten selections from a polyclonal seedling population of natural rubber (Hevea brasiliensis) in Assam (Record no. 49257)

MARC details
000 -LEADER
fixed length control field 00634nam a2200181Ia 4500
100 ## - MAIN ENTRY--AUTHOR NAME
Personal name Mondal G C
245 #0 - TITLE STATEMENT
Title Performance of ten selections from a polyclonal seedling population of natural rubber (Hevea brasiliensis) in Assam
260 ## - PUBLICATION, DISTRIBUTION, ETC. (IMPRINT)
Name of publisher Placrosym XVII, 2006, Kochi, India. Journal of Plantation Crops, 34 (3). Indian Cardamom Research Institute (Spices Board), Idukki, India, pp.181-185.
650 ## - SUBJECT ADDED ENTRY--TOPICAL TERM
Topical Term DRC
650 ## - SUBJECT ADDED ENTRY--TOPICAL TERM
Topical Term Growth
650 ## - SUBJECT ADDED ENTRY--TOPICAL TERM
Topical Term Polycross population
650 ## - SUBJECT ADDED ENTRY--TOPICAL TERM
Topical Term Yield
700 ## - ADDED ENTRY--PERSONAL NAME
Personal name Chaudhuri D
700 ## - ADDED ENTRY--PERSONAL NAME
Personal name Das K
700 ## - ADDED ENTRY--PERSONAL NAME
Personal name Varghese Y A
942 ## - ADDED ENTRY ELEMENTS (KOHA)
Koha item type Bibliography STAF
Holdings
Withdrawn status Lost status Damaged status Not for loan Home library Current library Shelving location Date acquired Koha item type
      Bibliography RRII Library RRII Library Botany 01/01/2021 Bibliography STAF